| 000 | 01273cam a2200301 a 4500 | ||
|---|---|---|---|
| 001 | 4214399 | ||
| 003 | ARRUPE | ||
| 005 | 20151020141917.0 | ||
| 008 | 810930m19751980enkc b 001 0aeng | ||
| 010 | _a 81174363 | ||
| 015 | _aGB*** | ||
| 020 | _a0701204036 (v. 1) | ||
| 040 |
_aDLC _cDLC _dDLC |
||
| 050 | 0 | 0 |
_aPR6045.O72 _bZ525 |
| 082 | 0 | 0 |
_a823/.912 _aB _219 |
| 100 | 1 |
_aWoolf, Virginia, _d1882-1941. _920211 |
|
| 245 | 1 | 4 |
_aThe letters of Virginia Woolf / _cedited by Nigel Nicolson ; assistant editor, Joanne Trautmann. |
| 260 |
_aLondon : _bHogarth Press, _c1975-1979. |
||
| 300 |
_axxi, 531p.; _bports. ; _c24 cm. |
||
| 504 | _aIncludes bibliographical references and indexes. | ||
| 505 | 1 | _av. 1. The flight of the mind, 1888-1912 -- v. 2. The question of things happening, 1912-1922 -- v. 4. A reflection of the other person, 1929-1931 -- v. 5. The sickle side of the moon, 1932-1935 -- v. 6. Leave the letters till we're dead. | |
| 600 | 1 | 0 |
_aWoolf, Virginia, _xCorrespondence. _920212 |
| 650 | 0 |
_aNovelists, English _y20th century _xCorrespondence. _920213 |
|
| 700 | 1 |
_aNicolson, Nigel. _920214 _eed. |
|
| 700 | 1 |
_aBanks, Joanne Trautmann, _d1941-2007. _920215 _eed. |
|
| 906 |
_a7 _bcbc _corignew _d2 _encip _f19 _gy-gencatlg |
||
| 942 |
_2lcc _cMONOGRAPH |
||
| 999 |
_c123494 _d123494 |
||